Most Populous Islands of the UK (+ overseas territories, etc.) - Statistics

General Stats
  • This quiz has been taken 21 times
  • The average score is 9 of 20
Answer Stats
Population Answer % Correct
60,800,000 Great Britain
100%
107,800 Bailiwickof Jersey
76%
80,056 Isle of Man
76%
17,550 Shetland (Mainland)
76%
67,334 Bailiwickof Guernsey
71%
62,506 Bermuda
62%
17,162 Orkney (Mainland)
62%
132,731 Isle of Wight
57%
78,554 Cayman Islands
43%
55,421 Anglesey
38%
14,869 Anguilla
38%
38,191 Turks and Caicos Islands
38%
31,758 British Virgin Islands
29%
37,852 Isle of Sheppey
19%
37,479 Canvey Island
14%
13,579 Holy Island
14%
19,918 Lewis and Harris
14%
147,088 Portsea
14%
16,887 Hayling Island
10%
11,388 Walney Island
5%
No matching quizzes found
Score Distribution
Percent of People with Each Score
Percentile by Number Answered
Your Score History
You have not taken this quiz